00610nam a2200205Ia 450000500170000000800410001702000180005804000180007604100080009408200210010210000190012324500830014225000120022526000410023730000260027865000270030465000220033165000320035370000190038520240729115110.0210716s2008 xx 000 0 und d a9788190619103 cAIMIT LIBRARY aeng a374.22 21bSHER aShetty, Rekha. aCorporate strategy minds power innovation /cBy Rekha Shetty and Adhil Shetty. a1st ed. aChennai;c2008.bMinds Power Books , a190/2004bPBc22.5 cm aThe mindspower process aProblem statement aBridging the innovation gap aShetty, Adhil.